[Event "Graz op-B"]
[Site "Graz"]
[Date "2004.09.08"]
[Round "5"]
[White "Zuchart, Manfred"]
[Black "Deutsch, Rudolf"]
[Result "1-0"]
[WhiteElo "1949"]
[BlackElo "1862"]
[PlyCount "75"]
[EventDate "2004.09.04"]
[EventType "swiss"]
[EventRounds "9"]
[EventCountry "AUT"]
[SourceTitle "EXT 2006"]
[Source "ChessBase"]
[SourceDate "2005.11.24"]
[SourceVersion "1"]
[SourceVersionDate "2005.11.24"]
[SourceQuality "1"]

1. e4 e6 2. d4 d5 3. exd5 exd5 4. Bd3 Nf6 5. Bg5 Be7 6. Ne2 Ne4 7. Bxe7 Qxe7 8. f3 Nf6 9. Qd2 0-0 10. Nbc3 c5 11. dxc5 Qxc5 12. 0-0-0 Nc6 13. g4 Ne5 14. Qf4 Nxd3+ 15. Rxd3 Be6 16. Nd4 Rac8 17. h4 Nd7 18. h5 Qc7 19. Qxc7 Rxc7 20. Ncb5 Rc5 21. Re1 a6 22. Nd6 Ra5 23. a3 b5 24. Rc3 b4 25. axb4 Ra1+ 26. Kd2 Rxe1 27. Kxe1 Ne5 28. Rc7 Rd8 29. Nb7 Re8 30. Kf2 h6 31. Nc5 Bc8 32. b3 Kf8 33. Ra7 Bxg4 34. fxg4 Nxg4+ 35. Kg3 Nf6 36. Nd7+ Nxd7 37. Rxd7 Re5 38. Rd8+ 1-0

[Event "Passau op 8th"]
[Site "Passau"]
[Date "2000.04.24"]
[Round "7"]
[White "Deutsch, Rudolf"]
[Black "Margraf, Christoph"]
[Result "1-0"]
[WhiteElo "1899"]
[BlackElo "1614"]
[PlyCount "49"]
[EventDate "2000.04.21"]
[EventType "swiss"]
[EventRounds "7"]
[EventCountry "GER"]
[SourceTitle "CBM 076 Extra"]
[Source "ChessBase"]
[SourceDate "2000.07.11"]
[SourceVersion "1"]
[SourceVersionDate "2000.07.11"]
[SourceQuality "1"]

1. e4 c5 2. Nc3 Nc6 3. Bc4 d6 4. d3 g6 5. Nge2 Bg7 6. 0-0 e6 7. Ng3 Nge7 8. Bg5 h6 9. Be3 a6 10. a4 Rb8 11. Qd2 d5 12. exd5 exd5 13. Nxd5 Nxd5 14. Bxc5 Be6 15. Ne4 Bf8 16. Bxd5 Bxd5 17. Qc3 Bxc5 18. Qxh8+ Bf8 19. Nf6+ Ke7 20. Rfe1+ Be6 21. c4 Qd4 22. Nd5+ Kd6 23. Qxd4 Nxd4 24. Re4 Bf5 25. Rxd4 1-0

[Event "Passau op 8th"]
[Site "Passau"]
[Date "2000.04.22"]
[Round "3"]
[White "Deutsch, Rudolf"]
[Black "Sakowski, Christian"]
[Result "1-0"]
[WhiteElo "1899"]
[BlackElo "1723"]
[PlyCount "97"]
[EventDate "2000.04.21"]
[EventType "swiss"]
[EventRounds "7"]
[EventCountry "GER"]
[SourceTitle "CBM 076 Extra"]
[Source "ChessBase"]
[SourceDate "2000.07.11"]
[SourceVersion "1"]
[SourceVersionDate "2000.07.11"]
[SourceQuality "1"]

1. e4 c6 2. d4 d5 3. exd5 cxd5 4. c4 Nf6 5. Nc3 e6 6. Nf3 Be7 7. cxd5 Nxd5 8. Bd3 Nc6 9. 0-0 0-0 10. Qe2 Bf6 11. Qe4 g6 12. Bh6 Re8 13. Rad1 Nce7 14. Rfe1 Bd7 15. Ne5 Nf5 16. Bc1 Nd6 17. Qf3 Bg7 18. Nxd5 exd5 19. Qxd5 Be6 20. Qf3 Bxa2 21. Bf4 Be6 22. d5 Bf5 23. Bxf5 Nxf5 24. g4 Nd6 25. Qg3 Nb5 26. Qd3 Nd6 27. b3 Rc8 28. Nc4 Rxe1+ 29. Rxe1 Nxc4 30. bxc4 Qd7 31. h3 Re8 32. Rxe8+ Qxe8 33. d6 Qd7 34. Qd5 Kf8 35. Qc5 f5 36. gxf5 gxf5 37. Qxa7 Kf7 38. Qc5 Ke8 39. Qe3+ Kf7 40. c5 Bf6 41. Qb3+ Kf8 42. Qa2 Bd4 43. Bh6+ Bg7 44. Bg5 Bd4 45. Qd5 Qg7 46. Qxf5+ Ke8 47. Qe6+ Kf8 48. Qc8+ Kf7 49. Qxb7+ 1-0

[Event "Passau op 8th"]
[Site "Passau"]
[Date "2000.04.21"]
[Round "2"]
[White "Priehoda, Vitezslav"]
[Black "Deutsch, Rudolf"]
[Result "1-0"]
[WhiteElo "2397"]
[BlackElo "1899"]
[PlyCount "43"]
[EventDate "2000.04.21"]
[EventType "swiss"]
[EventRounds "7"]
[EventCountry "GER"]
[SourceTitle "CBM 076 Extra"]
[Source "ChessBase"]
[SourceDate "2000.07.11"]
[SourceVersion "1"]
[SourceVersionDate "2000.07.11"]
[SourceQuality "1"]

1. e4 e6 2. d4 d5 3. e5 c5 4. c3 Qb6 5. Nf3 Nc6 6. Be2 Bd7 7. 0-0 Rc8 8. dxc5 Bxc5 9. b4 Be7 10. Na3 Nb8 11. Be3 Qc7 12. Bxa7 Qxc3 13. Nb5 Qxb4 14. Rb1 Qa5 15. a4 Nc6 16. Bb6 Qa8 17. Nc7+ Rxc7 18. Bxc7 Qc8 19. Bb6 f6 20. Bb5 Nxe5 21. Nxe5 fxe5 22. Qh5+ 1-0